00671nam a2200193Ia 4500008004100000020001500041082001500056100002300071245007400094250000800168260004200176300003000218500001900248600002100267650005000288942000700338952011700345999001500462240925s9999 xx 000 0 und d a817758569x a004.67 STA aStallings, William 0aHigh-Speed Networks and Internets: performance and quality of service a2nd aNew Delhi:bDorling Kindersloc,2006. axxxiv,973p.bNAfOriginal aIncludes Index aComputer Science aComputer science, information & general works cBK 001040708CSaUITUbUITUd2007-06-14eF.B.Cg485.00l0o004.67 STApQ7109r2024-09-25 07:14:29w2024-09-25yBK c9608d9608